000 00372nam a2200145Ia 4500
008 240624s9999 xx 000 0 und d
041 _aeng
082 _a174 BOA
100 _aBOATRIGHT JOHN R
245 _aETHICS AND THE CONDUCT OF BUSINESS
250 _a(5th ed.)
260 _c2008
_aNew Delhi
_bPearson Education
300 _a461 : p. : cm. ; 23
365 _cRS
_b36
999 _c11375
_d11375